00936cam a22002891 4500001001300000003000400013005001700017008004100034010001700075035002000092040001800112050001500130100004500145245005200190260001400242300001700256490001000273490001400283500009800297505000600395650003700401651002000438740004600458830005300504830007200557999001700629ne 65002631 DLC20260227111819.0890804m19581963xx 000 0 ara  ane 65002631  a(OCoLC)23519360 aDLCcMiUdDLC00aZ3366b.M81 aMushār, Khānbābā,d1900 or 1901-10aFihrist-i kitābhā-yi chāpī-i Fārsī. c[1958-63] a2 v.c25 cm.1 a#v961 a#v157 56 aAdded t.p.: A bibliography of books printed in Persian, compiled by Khān Bābā Moshār.1 a# 0aPersian literaturexBibliography 0aIranxImprints.0 aBibliography of books printed in Persian. 0aMajmūʻah-ʼi Īrānʹshināsī.v9 [etc.] 0aIntishārāt-i Bungāh-i Tarjamah va Nashr-i Kitāb.v56 [etc.] c48590d48590